header

Anne McCaffrey (Record no. 3532)

MARC details
000 -LEADER
fixed length control field 01646nam a2200361 a 4500
082 04 - DEWEY DECIMAL CLASSIFICATION NUMBER
Classification number 813/.54
100 1# - MAIN ENTRY--AUTHOR NAME
Personal name Roberts, Robin,
245 10 - TITLE STATEMENT
Title Anne McCaffrey
250 ## - EDITION STATEMENT
Edition statement 1st ed.
260 ## - PUBLICATION, DISTRIBUTION, ETC. (IMPRINT)
Place of publication Jackson :
Name of publisher University Press of Mississippi,
Year of publication 2007.
300 ## - PHYSICAL DESCRIPTION
Number of Pages xi, 243 p., [16] p. of plates :
Other physical details ill.
490 1# - SERIES STATEMENT
Series statement Willie Morris books in memoir and biography
505 0# - FORMATTED CONTENTS NOTE
Formatted contents note An Irish family heritage -- Adolescence and a time of war -- College days and marriage -- Annie and Virginia -- Emigration and a best-seller -- Struggling with success -- Being a fairy godmother -- The grand master.
650 #0 - SUBJECT ADDED ENTRY--TOPICAL TERM
Topical Term Novelists, American
856 40 - ELECTRONIC LOCATION AND ACCESS
Uniform Resource Identifier http://site.ebrary.com/lib/rucke/Doc?id=10282576

No items available.

© 2026 Rongo University
Contact us: librarian | system librarian | Rongo university